Togo : Technical Assistance Report-National Accounts Statistics.

A technical assistance (TA) mission led by Mr. Fahd Ndiaye, Resident Adviser in Real Sector Statistics for AFRITAC West, visited Lome from January 27 to 31, 2020, to assess the national accounts for the new base year 2016 with the National Institute of Statistics and Economic and Demographic Studies...

Ausführliche Beschreibung

Bibliographische Detailangaben
Körperschaft: International Monetary Fund. Statistics Dept
Format: Zeitschrift
Sprache:English
Veröffentlicht: Washington, D.C. : International Monetary Fund, 2020.
Schriftenreihe:IMF Staff Country Reports; Country Report ; No. 2020/282
Schlagworte:
Online Zugang:Full text available on IMF
LEADER 01968cas a2200253 a 4500
001 AALejournalIMF021275
008 230101c9999 xx r poo 0 0eng d
020 |c 5.00 USD 
020 |z 9781513557410 
022 |a 1934-7685 
040 |a BD-DhAAL  |c BD-DhAAL 
110 2 |a International Monetary Fund.  |b Statistics Dept. 
245 1 0 |a Togo :   |b Technical Assistance Report-National Accounts Statistics. 
264 1 |a Washington, D.C. :  |b International Monetary Fund,  |c 2020. 
300 |a 1 online resource (15 pages) 
490 1 |a IMF Staff Country Reports 
500 |a <strong>Off-Campus Access:</strong> No User ID or Password Required 
500 |a <strong>On-Campus Access:</strong> No User ID or Password Required 
506 |a Electronic access restricted to authorized BRAC University faculty, staff and students 
520 3 |a A technical assistance (TA) mission led by Mr. Fahd Ndiaye, Resident Adviser in Real Sector Statistics for AFRITAC West, visited Lome from January 27 to 31, 2020, to assess the national accounts for the new base year 2016 with the National Institute of Statistics and Economic and Demographic Studies. (INSEED). These accounts were prepared in accordance with the System of National Accounts 2008 (2008 SNA). The proceedings took the form of a workshop with representatives of the World Bank, the United Nations Economic Commission for Africa (ECA), the African Development Bank (AfDB),the Statistical and Economic Observatory of Sub-Saharan Africa (AFRISTAT), the Commission of the West African Economic and Monetary Union (WAEMU) and the Central Bank of West African States (BCEAO). This report is largely based on the aide-memoire signed with the country and partners. 
538 |a Mode of access: Internet 
651 7 |a Togo  |2 imf 
830 0 |a IMF Staff Country Reports; Country Report ;  |v No. 2020/282 
856 4 0 |z Full text available on IMF  |u http://elibrary.imf.org/view/journals/002/2020/282/002.2020.issue-282-en.xml  |z IMF e-Library